Holiday Quiz

Random Holiday or Christmas Quiz

Wrong Lyrics Christmas Quiz Stats

Quiz Updated Oct 17, 2017

Challenge
Share
Tweet
Embed
Score 0/47 Timer 02:00
2 Plays Today
Lyrics % Correct
ye
96.3%
God
95.2%
merry
94.8%
rest
94.7%
Sporclers
93.6%
that
82.8%
now
80.3%
this
79.6%
day.
77.4%
Christmas
76.3%
the
76.3%
upon
76.1%
answers
75.8%
this
75.1%
let
75.1%
display.
74.9%
and
74.7%
and
74.7%
and
74.7%
quiz
74%
enjoy
72.6%
I
70.8%
Can
70.2%
*you*
69.4%
Lyrics % Correct
of
68.8%
of
68.8%
hope
68.7%
Sporcle
66.2%
Sporcle
66.2%
Sporcle
66.2%
joy,
66.1%
joy,
66.1%
joy.
66.1%
tidings
65.9%
tidings
65.9%
-ber*
63.5%
*all*
63.2%
*you*
63.1%
O
62.5%
O
62.5%
*remem-
61.7%
will
61.4%
or
56%
words
55.9%
astray?
55.5%
*go*
53.2%
*you*
35.1%

You're not logged in!

Compare scores with friends on all Sporcle quizzes.
Sign Up with Email
OR
Log In

You Might Also Like...

Show Comments

Extras

Top Quizzes Today


Score Distribution

Your Account Isn't Verified!

In order to create a playlist on Sporcle, you need to verify the email address you used during registration. Go to your Sporcle Settings to finish the process.